| 000 | 01224nam a2200457 a 4500 | ||
|---|---|---|---|
| 003 | AR-BaBNM | ||
| 005 | 20251128203902.0 | ||
| 008 | 082120s2002 ||||||||||||||000 | spa|| | ||
| 040 | _cAR-BaBNM | ||
| 100 | 1 | _aDurant, Will | |
| 245 | 0 | 0 |
_aCésar y Cristo _bhistoria de la civilización romana y del cristianismo desde sus orígenes hasta el año 325 D. de C. 2 |
| 250 | _a1ª ed. | ||
| 260 |
_aBuenos Aires _bSudamericana _c1948 |
||
| 300 |
_a602 p. _bil. |
||
| 500 | _aContiene índice alfabético p. 513- 594 | ||
| 500 | _aTablas cronológicas p. 448 - 461 | ||
| 504 | _aBibliografía para consultar p. 463 -476 | ||
| 600 | 0 | 4 | _aTacito |
| 600 | 0 | 4 | _aTrajano |
| 600 | 0 | 4 | _aPlutarco |
| 600 | 0 | 4 | _aPedro |
| 600 | 0 | 4 | _aPablo |
| 650 | 4 | _aGUERRA | |
| 650 | 4 | _aSOCIEDAD | |
| 650 | 4 | _aECONOMIA | |
| 650 | 4 | _aFILOSOFIA | |
| 650 | 4 | _aRELIGION | |
| 650 | 4 | _aLITERATURA | |
| 650 | 4 | _aHISTORIA DE LAS CIENCIAS | |
| 650 | 4 | _aARQUITECTURA | |
| 650 | 4 | _aTRANSPORTE | |
| 650 | 4 | _aPINTURA | |
| 650 | 4 | _aDERECHO | |
| 650 | 4 | _aHISTORIA DEL DERECHO | |
| 650 | 4 | _aCATOLICISMO | |
| 650 | 4 | _aCRISTIANISMO | |
| 651 | 4 | _aItalia | |
| 700 | 1 |
_aTobío, Luis _etraductor |
|
| 942 | _cBK | ||
| 998 | _cmariana | ||
| 999 |
_c5332 _d5332 |
||